[Event "Athens ChessSquare New Year op"]
[Site "Athens"]
[Date "2016.01.02"]
[Round "2"]
[White "Panoutsopoulos, Pavlos"]
[Black "Papasimakopoulos, Vasilios"]
[Result "1/2-1/2"]
[WhiteElo "1797"]
[BlackElo "2066"]
[PlyCount "71"]
[EventDate "2016.01.07"]
[EventType "swiss"]
[EventRounds "7"]
[EventCountry "GRE"]
[SourceTitle "EXT 2024"]
[Source "ChessBase"]
[SourceDate "2023.10.10"]
[SourceVersion "1"]
[SourceVersionDate "2023.10.10"]
[SourceQuality "1"]

1. e4 e6 2. d4 d5 3. exd5 exd5 4. c4 Nf6 5. Nc3 Be7 6. Nf3 0-0 7. Be2 dxc4 8. Bxc4 Bg4 9. Be3 Nc6 10. Be2 Nb4 11. 0-0 c6 12. h3 Bf5 13. Rc1 Qa5 14. Bc4 b5 15. Be2 Nxa2 16. Ra1 Nxc3 17. Rxa5 Nxd1 18. Rxd1 Bd8 19. Ra3 Bb6 20. Rc3 Be4 21. Ne5 Nd5 22. Rcc1 Rfc8 23. Bd3 Bxd3 24. Rxd3 Nb4 25. Rb3 a5 26. Nd7 Bd8 27. Bd2 Nd5 28. Ne5 a4 29. Rf3 Bf6 30. Nxc6 Rc7 31. Rf5 Rac8 32. Rxd5 Rxc6 33. Rxc6 Rxc6 34. Rxb5 h6 35. Be3 Rc4 36. b3 1/2-1/2